Kochirajyavum sahithyavum (vol.2)/ (Record no. 182039)
[ view plain ]
| 000 -LEADER | |
|---|---|
| fixed length control field | 00481nam a2200181 4500 |
| 020 ## - INTERNATIONAL STANDARD BOOK NUMBER | |
| ISBN | 9789348164858 |
| 082 ## - DEWEY DECIMAL CLASSIFICATION NUMBER | |
| Classification number | M080 007 |
| Item number | SAD/K.2 |
| 100 ## - MAIN ENTRY--AUTHOR NAME | |
| Personal name | Sadasivan K |
| 245 ## - TITLE STATEMENT | |
| Title | Kochirajyavum sahithyavum (vol.2)/ |
| Statement of responsibility, etc | by Sadasivan K |
| 260 ## - PUBLICATION, DISTRIBUTION, ETC. (IMPRINT) | |
| Place of publication | S.L.: |
| Name of publisher | K Sadasivan, |
| Year of publication | 2025. |
| 300 ## - PHYSICAL DESCRIPTION | |
| Number of Pages | 879p. |
| 650 ## - SUBJECT ADDED ENTRY--TOPICAL TERM | |
| Topical Term | Literature Kochi Study |
| 650 ## - SUBJECT ADDED ENTRY--TOPICAL TERM | |
| Topical Term | Literature Kochi |
| 650 ## - SUBJECT ADDED ENTRY--TOPICAL TERM | |
| Topical Term | Literature Malayalam Study |
| 650 ## - SUBJECT ADDED ENTRY--TOPICAL TERM | |
| Topical Term | Literature Malayalam |
| 650 ## - SUBJECT ADDED ENTRY--TOPICAL TERM | |
| Topical Term | Literature |
| 942 ## - ADDED ENTRY ELEMENTS (KOHA) | |
| Koha item type | Book |
No items available.